Countries within 500km of France - Statistics

General Stats
  • This quiz has been taken 64 times
    57 since last reset
  • The average score is 19 of 19
Answers on the Map
Answers color-coded by a green-red scale on the quiz's map according to % correct below.
 
Answer Stats
Answer % Correct
Andorra
100%
Austria
100%
Germany
100%
Italy
100%
Liechtenstein
100%
San Marino
100%
Spain
100%
United Kingdom
100%
Belgium
98%
Luxembourg
98%
Netherlands
98%
Portugal
98%
Switzerland
98%
Vatican City
98%
Croatia
96%
Czech Republic
96%
Ireland
96%
Monaco
96%
Slovenia
96%
No matching quizzes found
Score Distribution
Percent of People with Each Score
Percentile by Number Answered
Your Score History
You have not taken this quiz since the last reset